000
00258nam a2200097Ia 4500
005
20251222114353.0
008
251222s1900||||xx |||||||||||||| ||spa||
082
_a
DVD0060/C523F/2004/Ej.2
245
0
_a
Festival Carlitos: Os Curtas:The Chaplin Revue
942
_c
DVD
999
_c
1318
_d
1318